| 000 | 00303nam a22001097a 4500 | ||
|---|---|---|---|
| 082 | _a954/ RAM | ||
| 100 |
_aGUHA, RAMCHANDRA _99331 |
||
| 245 |
_aIndia After Gandhi _bThe history of the world's largest democracy |
||
| 260 |
_aNew Delhi _bPICADOR INDIA _c2023 |
||
| 650 |
_aIndian History _9227 |
||
| 942 | _cBK | ||
| 999 |
_c66290 _d66290 |
||